<?xml version="1.0" encoding="UTF-8"?>
<record
    xmlns:xsi="http://www.w3.org/2001/XMLSchema-instance"
    xsi:schemaLocation="http://www.loc.gov/MARC21/slim http://www.loc.gov/standards/marcxml/schema/MARC21slim.xsd"
    xmlns="http://www.loc.gov/MARC21/slim">

  <leader>01673pam a2200265 a 4500</leader>
  <controlfield tag="001">3979477</controlfield>
  <controlfield tag="005">20210414113901.0</controlfield>
  <controlfield tag="008">950821s1996    ilua     b    001 0 eng  </controlfield>
  <datafield tag="010" ind1=" " ind2=" ">
    <subfield code="a">   95025330 </subfield>
  </datafield>
  <datafield tag="020" ind1=" " ind2=" ">
    <subfield code="a">0256171920</subfield>
  </datafield>
  <datafield tag="040" ind1=" " ind2=" ">
    <subfield code="a">DLC</subfield>
    <subfield code="c">DLC</subfield>
    <subfield code="d">DLC</subfield>
  </datafield>
  <datafield tag="050" ind1="0" ind2="0">
    <subfield code="a">HB171.5.Sl 11</subfield>
    <subfield code="b"> </subfield>
  </datafield>
  <datafield tag="082" ind1="0" ind2="0">
    <subfield code="a">330</subfield>
    <subfield code="2">20</subfield>
  </datafield>
  <datafield tag="100" ind1="1" ind2=" ">
    <subfield code="a">Slavin, Stephen L.</subfield>
  </datafield>
  <datafield tag="245" ind1="1" ind2="0">
    <subfield code="a">Economics /</subfield>
    <subfield code="c">Stephen L. Slavin.</subfield>
  </datafield>
  <datafield tag="250" ind1=" " ind2=" ">
    <subfield code="a">4th ed.</subfield>
  </datafield>
  <datafield tag="260" ind1=" " ind2=" ">
    <subfield code="a">Chicago, Ill. :</subfield>
    <subfield code="b">Irwin,</subfield>
    <subfield code="c">c1996.</subfield>
  </datafield>
  <datafield tag="300" ind1=" " ind2=" ">
    <subfield code="a">xvi, 821 p. :</subfield>
    <subfield code="b">ill. ;</subfield>
    <subfield code="c">28 cm.</subfield>
  </datafield>
  <datafield tag="504" ind1=" " ind2=" ">
    <subfield code="a">Includes bibliographical references and index.</subfield>
  </datafield>
  <datafield tag="505" ind1=" " ind2=" ">
    <subfield code="a">Contents: A Brief economic history of the United States -- Resource utilization -- Supply and demand -- The Mixed economy -- The Consumption sector -- The Busines-investment sector -- The Government sector -- Gross domestic product -- Economic fluctuations, unemployment and inflation -- Fiscal policy and national debt -- Money and banking -- The Federal reserve and monetary policy -- Twentieth century economic theory -- A Guide to macropolicy -- Economic growth and productivity -- Applications in supply and demand -- Demand -- Utility and consumer surplus -- Supply -- Cost and profit -- Supply in the short run and the long run -- Perfect competition -- Monopoly -- Monopolistic competition -- Oligopoly -- Demand in the factor market -- Labour unions -- Labour markets and wage rates -- Rents, interest and profit -- Income distribution and poverty -- International trade -- Inetrnational finance.</subfield>
  </datafield>
  <datafield tag="650" ind1=" " ind2="0">
    <subfield code="a">Economics.</subfield>
  </datafield>
  <datafield tag="906" ind1=" " ind2=" ">
    <subfield code="a">7</subfield>
    <subfield code="b">cbc</subfield>
    <subfield code="c">orignew</subfield>
    <subfield code="d">1</subfield>
    <subfield code="e">ocip</subfield>
    <subfield code="f">19</subfield>
    <subfield code="g">y-gencatlg</subfield>
  </datafield>
  <datafield tag="942" ind1=" " ind2=" ">
    <subfield code="2">lcc</subfield>
    <subfield code="c">BK</subfield>
  </datafield>
  <datafield tag="999" ind1=" " ind2=" ">
    <subfield code="c">324</subfield>
    <subfield code="d">7824</subfield>
  </datafield>
  <datafield tag="952" ind1=" " ind2=" ">
    <subfield code="0">0</subfield>
    <subfield code="1">0</subfield>
    <subfield code="2">lcc</subfield>
    <subfield code="4">0</subfield>
    <subfield code="7">0</subfield>
    <subfield code="a">WIUC-1</subfield>
    <subfield code="b">WIUC-1</subfield>
    <subfield code="c">GEN</subfield>
    <subfield code="d">2011-12-05</subfield>
    <subfield code="l">0</subfield>
    <subfield code="o">HB171.5.Sl 11</subfield>
    <subfield code="p">818/11</subfield>
    <subfield code="r">2011-12-05 00:00:00</subfield>
    <subfield code="t">1</subfield>
    <subfield code="w">2011-12-05</subfield>
    <subfield code="y">BK</subfield>
  </datafield>
  <datafield tag="952" ind1=" " ind2=" ">
    <subfield code="0">0</subfield>
    <subfield code="1">0</subfield>
    <subfield code="2">lcc</subfield>
    <subfield code="4">0</subfield>
    <subfield code="7">0</subfield>
    <subfield code="a">WIUC-1</subfield>
    <subfield code="b">WIUC-1</subfield>
    <subfield code="c">GEN</subfield>
    <subfield code="d">2011-12-05</subfield>
    <subfield code="l">0</subfield>
    <subfield code="o">HB171.5.Sl 12</subfield>
    <subfield code="p">819/11</subfield>
    <subfield code="r">2011-12-05 00:00:00</subfield>
    <subfield code="t">2</subfield>
    <subfield code="w">2011-12-05</subfield>
    <subfield code="y">BK</subfield>
  </datafield>
  <datafield tag="952" ind1=" " ind2=" ">
    <subfield code="0">0</subfield>
    <subfield code="1">0</subfield>
    <subfield code="2">lcc</subfield>
    <subfield code="4">0</subfield>
    <subfield code="7">0</subfield>
    <subfield code="a">WIUC-1</subfield>
    <subfield code="b">WIUC-1</subfield>
    <subfield code="c">GEN</subfield>
    <subfield code="d">2011-12-05</subfield>
    <subfield code="l">0</subfield>
    <subfield code="o">HB171.5.Sl 13</subfield>
    <subfield code="p">820/11</subfield>
    <subfield code="r">2011-12-05 00:00:00</subfield>
    <subfield code="t">3</subfield>
    <subfield code="w">2011-12-05</subfield>
    <subfield code="y">BK</subfield>
  </datafield>
  <datafield tag="952" ind1=" " ind2=" ">
    <subfield code="0">0</subfield>
    <subfield code="1">0</subfield>
    <subfield code="2">lcc</subfield>
    <subfield code="4">0</subfield>
    <subfield code="7">0</subfield>
    <subfield code="a">WIUC-1</subfield>
    <subfield code="b">WIUC-1</subfield>
    <subfield code="c">GEN</subfield>
    <subfield code="d">2011-12-05</subfield>
    <subfield code="l">0</subfield>
    <subfield code="o">HB171.5.Sl 14</subfield>
    <subfield code="p">901/11</subfield>
    <subfield code="r">2011-12-05 00:00:00</subfield>
    <subfield code="t">4</subfield>
    <subfield code="w">2011-12-05</subfield>
    <subfield code="y">BK</subfield>
  </datafield>
</record>
